| 000 | 00454 a2200157 4500 | ||
|---|---|---|---|
| 999 |
_c7889 _d7889 |
||
| 020 | _a8120306031 | ||
| 050 | _aHG 4026 HAM 2004 | ||
| 100 |
_aHampton. J John _eauthor |
||
| 245 |
_aFinancial decision making : _bconcepts, problems, and cases. _cJohn J Hampton |
||
| 250 | _a4th ed | ||
| 264 |
_aNew Delhi ; _bPrentice - Hall _c2004 |
||
| 300 | _a550p.; | ||
| 500 | _aincludes index | ||
| 650 |
_aCorporations. _xFinance. |
||
| 942 |
_2lcc _cBK _h4026 _iHAM _kHG |
||